000 01056nas a2200337 4500
001 BR0809796
003 BR-BrBNA
005 20231205112543.0
007 ta
008 230509b bl.|||p| |||| 00| 00por d
040 _aBR-BrBNA
_bpor
_cBiblioteca Nacional de Agricultura
041 _a(En)
072 _aQ04; Q03
100 1 _aAveiro, M.
100 1 _aPellizzaro, Q.C.
100 1 _aAmboni, R.D. de M.C.
100 1 _aBatista, C.R.V.
100 1 _aBeirão, L.H.
100 1 _aBarreto, P.L.M.
245 1 _aChemical, microbiological and sensory changes of marinade mussel (Perna perna, Linné 1758)storage at 4 graus
650 _aMEXILHÃO
650 _aMOLUSCO
650 _aPROPRIEDADE FÍSICO-QUÍMICA
650 _aANÁLISE MICROBIOLÓGICA
650 _aPROPRIEDADE ORGANOLÉPTICA
650 _aTEMPERATURA
650 _aCONTROLE DE QUALIDADE
773 0 _tAlimentos e Nutrição (Brazil)
_xISSN 0103-4235
_g(Apr-Jun 2007), v. 18(2) p. 121-126
_wBR0809796
909 _a202311
_bLúcia
_c55
_dLúcia Elande
942 _2AGRIS
_n0
_cANA
999 _c198641
_d198641